000 00694nam a22002057a 4500
003 0
005 20251117144857.0
008 251117b xxu||||| |||| 00| 0 eng d
020 _a1-85613-819-4
050 _aD 421
_b.H36 1995
245 _aThe Hamlyn pictorial history of the 20th century /
260 _aLondon:
_bReed International Books Limited,
_c1995.
300 _a592 pages :
_billustrations ;
_c31 cm.
504 _aIncludes index.
650 _aTwentieth century
_xPictorial works.
650 _aHistory, Modern
_y20th century
_xPictorial works.
650 _aWorld history
_y20th century
_xPictorial works.
650 _aHamlyn Publishing Group
_xPictorial works.
942 _2lcc
_cBK
999 _c368676
_d368676